000 00482nam a2200169Ia 4500
003 OSt
005 20240920120134.0
008 190216s9999||||xx |||||||||||||| ||und||
040 _coclc
082 _a327
_bROY/I
100 _aRoy, A C
_98920
245 0 _aInternational Relations Since 1919 /
_cA C Roy
260 _bThe World Press,
_c1987.
_aCalcutta:
300 _a648p
650 _aInternational Relations
942 _cBK
_2ddc
_h327
_iROY/I
_k327
_mROY/I
999 _c19953
_d19953